Statistiques concernant Culture Générale - Série 1743

Cliquez ici pour prendre le quiz!

Statistiques générales

  • Ce quiz a été pris 128 fois
  • Le résultat moyen est 5 sur 10

Statistiques - réponses

QuestionRéponse% Correct
Quel mot en verlan signifie-t-il "fête" ?teuf
94%
Quelle marque de vêtements et d'accessoires de sport a pour logo un crocodile vert ?Lacoste
93%
Quelle fête a lieu le 21 juin en France ?fête de la musique
78%
Qui détient le record du nombre de titres en championnat du monde des rallyes ?Sébastien Loeb
69%
Qui jouait de l'accordéon à l'arrivée des étapes du Tour de France, dans les années 1950-1960 ?Yvette Horner
52%
Quelle « récompense » est décernée à l'équipe qui perd tous ses matchs au tournoi des Six-Nations ?cuillère de bois
40%
Fête bretonne traditionnelle, au cours de laquelle on danse .fest-noz
34%
Quelle joueuse de tennis professionnel se cache derrière la marque Aneres ?Serena Williams
26%
Quelle navigatrice française, à la voile comme à la rame, a été nommée par l'UNESCO porte-parole pour les océans ?Maud Fontenoy
23%
Comment appelle-t-on la bague de métal d'un couteau ?virole
10%

Distribution des résultats

Percentile par nombre de réponses

% des personnes avec chaque résultat

Votre développement - résultats

Vous n’avez pas pris ce quiz